000 00486nam a2200181Ia 4500
003 GCL
008 140319s9999 xx 000 0 eng d
040 _aGCL /
_cGCL
082 0 4 _a380.1
_bC I
100 1 _aCZINKOTS,MICKAEL
245 1 0 _aINTERNATIONAL MARKETING /
_cCZINKOTS,MICKAEL
700 1 _aRONKAINEN, IIKKA
260 _a[S.N] :
_bHARCOURT BRACE & COMPANY,PUBLISHERS ،
_c1993
300 _a924 P
650 0 4 _aMARKETING - RESEARCH
650 0 4 _aECONOMIC
942 _2ddc
_cBK
999 _c14718
_d14718